000 00669nam a2200229Ia 4500
003 OSt
005 20220918230559.0
006 a|||||r|||| 00| 0
007 ta
008 220917b |||||||| |||| 00| 0 eng d
024 _a256,080
037 _cTextual
040 _aARTS
_cARTS
_beng
041 _2eng
_aeng
082 _a14:265(P122):N6, K7
100 _aWitherell Julian W
_9152853
245 0 _aFrench-speaking West Africa
_b a guide to official publications
260 _aWashington
_bLibrary of Congress
_c1967
300 _axi,179p
_ccm.
942 _h14:265(P122):N6, K7
_cTEXL
_2CC
999 _c288395
_d288395